000 00922nmm a2200265 a 4500
001 ocm000621662
003 TR-IsHL
005 20201028135144.0
008 131203s2011 tu tur
007 cr cn
020 _a9786055506643
035 _a621662
_b(N$T)
050 0 4 _aDS51.E8
_bU98 2011
090 0 4 _aDS51.E8
_bU98 2011
100 1 _aUyumaz, Emine
245 1 0 _aTürkiye Selçuklu Devleti'ne gelen ve giden elçiler: (XI. yüzyılın sonu - XIV. yüzyılın başları)
_h[electronic resource] /
_cEmine Uyumaz
260 _aİstanbul :
_bBilge Kültür Sanat,
_c2011
300 _a88 p.
650 4 _aTarih
650 4 _aHistory
650 0 _aSelçuklular
_x Türkiye
_x Tarih
650 0 _aSeljuks
_x Turkey
_x History
650 7 _aHISTORY / Middle East / Turkey & Ottoman Empire
_2bisacsh
856 4 0 _uhttp://search.ebscohost.com/login.aspx?direct=true&scope=site&db=e011xww&AN=621662
999 _c6588
_d6588